Devinez la Capitale Mystère #98 - Statistiques

Statistiques générales
  • Ce quiz a été pris 142 fois
  • Le résultat moyen est 31 sur 35
Statistiques - réponses
Type de Réponse Réponse % Correct
Lettre de l'Alphabet A
99%
Lettre Trouvée E
99%
Lettre Trouvée N
99%
Lettre de l'Alphabet R
99%
Lettre Trouvée I
98%
Lettre Trouvée O
98%
Lettre Trouvée S
98%
Lettre Trouvée L
97%
Lettre de l'Alphabet P
97%
Lettre Trouvée B
95%
Lettre de l'Alphabet M
93%
Lettre de l'Alphabet U
93%
Lettre de l'Alphabet D
92%
Lettre de l'Alphabet G
92%
Lettre de l'Alphabet T
92%
Lettre de l'Alphabet C
89%
Lettre de l'Alphabet H
88%
Lettre Bien Placée N
88%
Lettre de l'Alphabet K
87%
Lettre de l'Alphabet V
87%
Lettre Bien Placée I
86%
Lettre Bien Placée L
86%
Lettre Bien Placée O
86%
Lettre de l'Alphabet W
86%
Lettre de l'Alphabet X
85%
Lettre de l'Alphabet J
84%
Lettre Bien Placée S
84%
Lettre de l'Alphabet Y
84%
Lettre Bien Placée E
83%
Lettre de l'Alphabet Z
83%
Lettre de l'Alphabet F
82%
Lettre Bien Placée B
80%
Lettre Bien Placée N
80%
Lettre de l'Alphabet Q
79%
Capitale Mystère Lisbonne
78%
Aucun quiz correspondant
Distribution des résultats
% des personnes avec chaque résultat
Percentile par nombre de réponses
Votre historique - résultats
Vous n’avez pas pris ce quiz